Villains who Don't Talk - Statistics

General Stats
  • This quiz has been taken 31 times
  • The average score is 5 of 8
Answer Stats
Picture Answer % Correct
Jason Voorhees
96%
Leatherface
93%
Michael Myers
93%
Darth Maul
86%
Oddjob
39%
Jaws
36%
The Gimp
32%
Busetta
7%
No matching quizzes found
Score Distribution
Percent of People with Each Score
Percentile by Number Answered
Your Score History
You have not taken this quiz